Kuki women / (Record no. 84906)
[ view plain ]
| 000 -LEADER | |
|---|---|
| fixed length control field | 00569nam a22001937a 4500 |
| 005 - DATE AND TIME OF LATEST TRANSACTION | |
| control field | 20220606164301.0 |
| 010 ## - LCCN (DPL NO) | |
| LC control number | ENG-110162 |
| 020 ## - INTERNATIONAL STANDARD BOOK NUMBER | |
| International Standard Book Number | 9789382059202 |
| Terms of availability | 995.00 |
| 035 ## - SYSTEM CONTROL NUMBER | |
| System control number | EN-93694 |
| 037 ## - SOURCE OF ACQUISITION | |
| Source of stock number/acquisition | DBAD/PUB |
| 082 ## - DEWEY DECIMAL CLASSIFICATION NUMBER | |
| Classification number | 305.42095417 |
| 100 ## - MAIN ENTRY--PERSONAL NAME | |
| Personal name | Sitlhou, Hoineilhing |
| 245 ## - TITLE STATEMENT | |
| Title | Kuki women / |
| Statement of responsibility, etc | by Hoineilhing Sitlhou |
| 260 ## - PUBLICATION, DISTRIBUTION, ETC. (IMPRINT) | |
| Place of publication, distribution, etc | New Delhi |
| Name of publisher, distributor, etc | Synergy Book India |
| Date of publication, distribution, etc | 2014 |
| 270 ## - ADDRESS | |
| Address | 24/4800, Ansari Road, Darya Ganj |
| City | New Delhi |
| Postal code | 110002 |
| 300 ## - PHYSICAL DESCRIPTION | |
| Extent | xix,325p. |
| Dimensions | 22cm(Hb) |
| 500 ## - GENERAL NOTE | |
| General note | Includes index |
| 942 ## - ADDED ENTRY ELEMENTS (KOHA) | |
| Source of classification or shelving scheme | Dewey Decimal Classification |
| Item type | English Books |
| Call number suffix | SIT |
| Classification part | 305.42095417 |
| Withdrawn status | Lost status | Not for loan | Collection code | Home library | Current library | Date acquired | Source of acquisition | Cost, normal purchase price | Full call number | Barcode | Copy number | Cost, replacement price | Koha item type |
|---|---|---|---|---|---|---|---|---|---|---|---|---|---|
| Non-fiction | Patel Nagar | Patel Nagar | 05/06/2014 | DBAD/PUB | 995.00 | 305.42095417SIT | EN-93694 | 1 | 995.00 | English Books |
